000 04035cam a22006614i 4500
003 PE-LiUPU
005 20250731173528.0
008 150616s1923 r 000 0 d
035 _a(Sirsi) a8619
040 _aPE-LiUPU
_bspa
_cPE-LiUPU
_erda
049 _aPRUA
050 _aBX6146
_b.T39
082 0 4 _a286.7325
_bTMi
_221
100 1 _aWhite, Ellen Gould Harmon,
_d1827-1915,
_eautor.
245 1 0 _aTestimonies to ministers :
_band gospel workers /
_cEllen G. White.
264 1 _aMountain View, California :
_bPacific Press Publishing Association,
_c1923.
300 _a544 páginas ;
_c18 centímetros.
336 _atext
_2rdacontent
337 _aunmediated
_2rdamedia
338 _avolume
_2rdacarrier
505 0 _aThe church of Christ -- Faithful, earnest warnings -- The holy scriptures -- God's high standard -- A solemn appeal to ministers -- Human needs and the divine supply -- Economy -- Workers with God -- Right methods, principles, and motives -- To brethren in responsible positions -- Means and methods -- Conference officials -- Appeals for truth and loyalty -- To God's woekmen -- Elevate the standard -- Appeal and warning -- Vital principles of relationship
526 _aSEG42
526 _aSEG41
526 _aSEG40
526 _aSEG39
526 _aP94
526 _aP87
526 _aP86
526 _aP85
526 _aP77
526 _aP76
526 _aP35
650 0 4 _aTeología pastoral.
_91381
910 _ajck
_bjvq
_cjck
942 _2ddc
_cBOOK
949 _aBX6146 .T39 1923
_wDEWEY
_c1
_iCW14064
_lCCODEBUL1
_mBUL
_p25.00
_r0
_sY
_tBOOK
_u2015-04-23
_xBIBLIOTECA
_zUNKNOWN
_0COMPRA
_o.STAFF. Colección General
949 _aBX6146 .T39
_wDEWEY
_c2
_iCW21920
_lCCODEBUL1
_mBUL
_p00.00
_r0
_sY
_tBOOK
_u2015-04-23
_xBIBLIOTECA
_zUNKNOWN
_0COMPRA
_o.STAFF. Colección General
949 _aBX6146 .T39 1923
_wDEWEY
_c3
_iCW58499
_lCCODEBUL1
_mBUL
_pdollar24
_r0
_sY
_tBOOK
_u20080626
_xTEOLOGIA
_PP35
_0COMPRA
_o.STAFF. Colección General
949 _aBX6146 .T39
_wDEWEY
_c4
_iCW04920
_lCCODEBUL1
_mBUL
_p25.00
_r0
_sY
_tBOOK
_u2015-04-23
_xBIBLIOTECA
_zUNKNOWN
_0COMPRA
_o.STAFF. Colección General
949 _a286.7325 TMi
_wDEWEY
_c5
_i10375
_lCCODEBUL1
_mBUL
_p00.00
_r0
_sY
_tBOOK
_u2015-04-23
_xBIBLIOTECA
_zUNKNOWN
_0COMPRA
_o.STAFF. Colección General
949 _aBX6146 .T39
_wDEWEY
_c6
_iCW50745
_lCCODEBUL1
_mBUL
_p25.00
_r0
_sY
_tBOOK
_u2015-04-23
_xBIBLIOTECA
_zUNKNOWN
_0COMPRA
_o.STAFF. Colección General
994 _aC0
_bPEPRU
596 _a1 4
999 _a286.7325 TMI
_wDEWEY
_c59984
_i21920
_f2019-12-11
_g4
_lDISCARD
_mBUL
_r0
_sY
_tBOOK
_u2015-4-23
_xTEOLOGIA
_zUNKNOWN
_0COMPRA
_o.STAFF. Colección General
_d59984
999 _a286.7325 TMI
_wDEWEY
_c5
_i10375
_f2019-12-11
_g4
_lDISCARD
_mBUL
_r0
_sY
_tBOOK
_u2015-4-23
_xTEOLOGIA
_zUNKNOWN
_0COMPRA
_o.STAFF. Colección General
999 _a286.7325 TMI
_wDEWEY
_c7
_i76033
_f2021-11-11
_g4
_lCCODEBUL1
_mBUL
_p10.00
_r0
_sY
_tBOOK
_u2017-5-31
_xTEOLOGIA
_PP85
_0DONACION
_o.STAFF. Colección Teología
999 _a286.7325 TMI
_wDEWEY
_c3
_iCW04920
_f2021-12-21
_g2
_lCCODECWL1
_mBWL
_p35.00
_r1
_sY
_tBOOK
_u2015-4-23
_xWHITE
_zUNKNOWN
_0COMPRA
_o.STAFF. Centro White
999 _a286.7325 TMI
_wDEWEY
_c4
_iCW50745
_f2021-12-21
_g2
_lCCODECWL1
_mBWL
_p25.00
_r0
_sY
_tBOOK
_u2017-11-21
_xWHITE
_zUNKNOWN
_0COMPRA
_o.STAFF. Centro White
999 _a286.7325 TMI 1923
_wDEWEY
_c1
_iCW58499
_f2021-12-21
_g2
_lCCODECWL1
_mBWL
_r1
_sY
_tBOOK
_u2015-6-16
_xWHITE
_zUNKNOWN
_0COMPRA
_o.STAFF. Colección General
999 _a286.7325 TMI 1923
_wDEWEY
_c2
_iCW14064
_f2021-12-21
_g1
_lCCODECWL1
_mBWL
_p25.00
_r0
_sY
_tBOOK
_u2017-11-21
_xWHITE
_zUNKNOWN
_0COMPRA
_o.STAFF. Centro White
980 _81
_gALBERTO SANCHEZ Responsable de Automatización